000 00943nam a2200205Ia 4500
003 Ost
005 20260507075031.0
008 260507s9999||||xx |||||||||||||| ||und||
040 _cfsecg
041 _aara
082 _a330
100 _aالبيومي، محمود محمد عبد السلام
_eمؤلف
245 0 _aالمحاسبة والمراجعة في ضوء المعايير وعناصر الإفصاح في القوائم المالية /
_c محمود محمد عبد السلام البيومي
260 _aالإسكندرية:
_bمنشأة المعارف,
_c2003
300 _a403 صفحة؛
_bإيضاحات ؛
_c24 سم
520 _aشرح ومراجعة وتوصيف وتحليل الوظائف و الأصول المحاسبية- أساليب المراجعة السليمة وتحليل القوائم المالية
653 _aالمحاسبة
653 _aمراجعة الحسابات
942 _cكتاب
999 _c42400
_d42400